Successful Business Plans in a Week: (Record no. 135)

MARC details
000 -LEADER
fixed length control field 00615nam a22001937a 4500
005 - DATE AND TIME OF LATEST TRANSACTION
control field 20230119111015.0
008 - FIXED-LENGTH DATA ELEMENTS--GENERAL INFORMATION
fixed length control field 230119b |||||||| |||| 00| 0 eng d
020 ## - INTERNATIONAL STANDARD BOOK NUMBER
International Standard Book Number 9781444158779 (pbk)
040 ## - CATALOGING SOURCE
Original cataloging agency KMU
Transcribing agency KMU
050 ## - LIBRARY OF CONGRESS CALL NUMBER
Classification number HD 62.7 Mai 2012
100 ## - MAIN ENTRY--PERSONAL NAME
Personal name Maitland,Ian
245 ## - TITLE STATEMENT
Title Successful Business Plans in a Week:
Remainder of title Learn in a week, what the experts learn in a liftetime/
Statement of responsibility, etc. Ian Maitland.
260 ## - PUBLICATION, DISTRIBUTION, ETC.
Place of publication, distribution, etc. London:
Name of publisher, distributor, etc. Holder Education,
Date of publication, distribution, etc. 2012.
300 ## - PHYSICAL DESCRIPTION
Extent 123 pages.:
Other physical details ill.;
Dimensions 18cm.
500 ## - GENERAL NOTE
General note Includes summaries, notes, questions and answers.
650 ## - SUBJECT ADDED ENTRY--TOPICAL TERM
Topical term or geographic name entry element Plans.
650 ## - SUBJECT ADDED ENTRY--TOPICAL TERM
Topical term or geographic name entry element Business.
942 ## - ADDED ENTRY ELEMENTS (KOHA)
Source of classification or shelving scheme Library of Congress Classification
Koha item type Non-Fiction
Suppress in OPAC No
Holdings
Withdrawn status Lost status Source of classification or shelving scheme Damaged status Not for loan Collection Home library Current library Shelving location Date acquired Source of acquisition Total Checkouts Full call number Barcode Date last seen Date last checked out Price effective from Koha item type Total Renewals
    Library of Congress Classification     Non-fiction Kapasa Makasa University Kapasa Makasa University Open Access 19.01.2023 Book Aid International 3 HD 62.7 Mai 2012 748016 31.03.2026 17.03.2026 19.01.2023 Non-Fiction  
    Library of Congress Classification     Non-fiction Kapasa Makasa University Kapasa Makasa University Open Access 19.01.2023 Book Aid International   HD 62.7 Mai 2012 748017 19.01.2023   19.01.2023 Non-Fiction  
    Library of Congress Classification     Non-fiction Kapasa Makasa University Kapasa Makasa University Open Access 19.01.2023 Book Aid International 2 HD 62.7 Mai 2012 748094 05.03.2025 28.02.2025 19.01.2023 Non-Fiction 1